00393nam a2200133 4500001000700000003000900007007000300016008004100019100002700060245007900087260003100166300003000197852003200227106949ES-MaACLt|061121s1983 sp r ||||1| spa d1 aMoreno Plaza, Gabriel.10aIntroducción a la comunicación social actual / cGabriel Moreno Plaza. aMadrid : bPlayor, c1983. a188 p. : bil. ; c24 cm. aES-MaACLjL-8002 bR.108081